000 00428nam a2200181Ia 4500
001 24380
005 20260414151039.0
008 260414t2009||||xx |||||||||||||| ||spa||
041 _aESP
082 _a345.7
_bD66
100 _aDi Majo, Adolfo
_eAUT
245 0 _aDerecho procesal civil :
_bestudios
260 _c2009
300 _a784 páginas :
_c24 cm.
650 _aDER
654 _aCDE
942 _cLIB
_dJUS
_fJUS
_2ddc
_n
999 _c24380
_d24380